000 00238nam a2200085 4500
999 _c529048
_d529048
082 _aK782x54 C333p
245 _aPublic procurement: challenged and way forward, 2024
260 _aNew Delhi
_bCentral Vigilance Commision
_c2024
300 _a113p